000 00856nac a22002891u 4500
003 EG-ScBUE
005 20220706111923.0
008 130102s2002 enka f 000 0 eng d
020 _a0194232921
020 _a9780194232920
040 _aEG-ScBUE
_beng
_erda
_cEG-ScBUE
_dEG-ScBUE
082 0 4 _a428.6
_bDAV
_222
100 1 _aDavies, Paul A.,
_eauthor.
_931771
245 1 0 _aTourism /
_cPaul Davies.
264 1 _aOxford :
_bOxford University Press,
_c2002.
300 _a22 pages :
_bcolor illustrations ;
_c21 cm.
336 _2rdacontent
_atext
_btxt
337 _2rdamedia
_aunmediated
_bn
338 _2rdacarrier
_avolume
_bnc
490 0 _aFact files
490 0 _aOxford book worms ;
_v2
650 7 _aReaders.
_931773
_2BUEsh
651 _2BUEsh
653 _bHHUUEENN
655 _vReading book
_934232
942 _cBB
_k428.6 DAV
_2ddc
999 _c2311
_d2311